Snooker Ball Values - Statistics

General Stats
  • This quiz has been taken 132 times
  • The average score is 6 of 7
Answer Stats
Picture Answer % Correct
2 Points
94%
7 Points
92%
1 Point
91%
3 Points
86%
4 Points
83%
6 Points
83%
5 Points
80%
No matching quizzes found
Score Distribution
Percent of People with Each Score
Percentile by Number Answered
Your Score History
You have not taken this quiz